00647cam a2200181 a 450000100100000000500170001000800410002702000150006804000180008308200180010124500820011926000330020130000280023444000350026250400550029765000510035271000620040300000188420200929145738.0930421s1992 sp a bc 001 0 spa  a8486956242 aDO-SdBNPcDLC a016.98bT344c00aTestimonios :bcinco siglos del libro en Iberoamérica. Caracas-Madrid 1992. aBarcelona :bLunwerg,c1992. a340 p. :bil. ;c30 cm. 0aEncuentros.pSerie Catálogos aIncluye referencias bibliográficas (p. 313-325). 4aBibliografíazAmérica LatinaxExposiciones1 aAsociación de Bibliotecas Nacionales de Iberoamérica.